Black Country, New Road - Chaos Space Marine lyrics - Statistics

General Stats
  • This quiz has been taken 38 times
  • The average score is 157 of 209
Answer Stats
Answer % Correct
a
100%
I
100%
the
100%
an
96%
And
96%
and
96%
be
93%
space
93%
that
93%
I'm
89%
is
89%
it
89%
men
89%
of
89%
so
89%
So
89%
you
89%
chaos
86%
in
86%
In
86%
marine
86%
take
86%
will
86%
all
82%
behind
82%
over
82%
time
82%
war
82%
comin'
79%
England
79%
find
79%
home
79%
mine
79%
now
79%
these
79%
to
79%
again
75%
darling
75%
hand
75%
kingdom
75%
leave
75%
love
75%
me
75%
must
75%
my
75%
New
75%
things
75%
up
75%
wrong
75%
York
75%
your
75%
cold
71%
for
71%
here
71%
never
71%
open
71%
state
71%
this
71%
what
71%
Concorde
68%
fly
68%
inside
68%
it's
68%
leaving
68%
mind
68%
oh
68%
(oh
68%
said
68%
think
68%
though
68%
went
68%
between
64%
Billie
64%
body
64%
boys
64%
coming
64%
could
64%
Eilish
64%
lines
64%
metal
64%
place
64%
really
64%
sailor
64%
sing
64%
song
64%
style
64%
bury
61%
come
61%
I'll
61%
lift
61%
live
61%
looking
61%
sea
61%
set
61%
they
61%
yeah
61%
yeah)
61%
becoming
57%
London
57%
what's
57%
where
57%
window
57%
honest
54%
any
50%
course
50%
keeping
50%
last
50%
long
50%
thoughts
50%
alone
46%
worm
46%
'atchet
43%
chumps
43%
light
43%
anchors
36%
dug
32%
hole
32%
ignore
32%
I've
32%
there
21%
made
11%
No matching quizzes found
Score Distribution
Percent of People with Each Score
Percentile by Number Answered
Your Score History
You have not taken this quiz